[Event "NK Senioren 2024"]
[Site "Dieren, Netherlands"]
[Date "2024.07.14"]
[Round "2"]
[White "Goris, Ton"]
[Black "Poelstra, Ben"]
[Result "0-1"]
[WhiteElo "1917"]
[BlackElo "1974"]
[PlyCount "88"]
[EventDate "2024.??.??"]

1. e4 e5 2. d4 exd4 3. Nf3 d6 4. Nxd4 Nf6 5. Bd3 Be7 6. O-O O-O 7. Nc3 c5 8.
Nde2 Be6 9. Nf4 Nc6 10. Ncd5 Bxd5 11. Nxd5 Nxd5 12. exd5 Ne5 13. Be2 f5 14. f4
Nd7 15. c4 Bf6 16. Bd3 Bd4+ 17. Kh1 Qf6 18. Rb1 Rfe8 19. Qc2 g6 20. Bd2 Re7 21.
Rfe1 Rae8 22. Rxe7 Rxe7 23. b3 b6 24. Re1 Rxe1+ 25. Bxe1 Qe7 26. Qe2 Qe3 27.
Qxe3 Bxe3 28. g3 Bd4 29. Kg2 Kg7 30. h3 Kf6 31. Kf3 h6 32. g4 fxg4+ 33. hxg4 g5
34. Bg3 gxf4 35. Bxf4 Ne5+ 36. Bxe5+ Kxe5 37. Bc2 Bg1 38. a4 Kd4 39. Ke2 Kc3
40. Bd1 Bd4 41. Ke1 Be3 42. Ke2 Bd2 43. Kf1 Kd3 44. Kf2 Bc3 0-1

[Event "NK Senioren 2024"]
[Site "Dieren, Netherlands"]
[Date "2024.07.14"]
[Round "2"]
[White "Beukema, Henk Jan"]
[Black "Wille, Erik"]
[Result "1/2-1/2"]
[WhiteElo "1971"]
[BlackElo "1901"]
[PlyCount "30"]
[EventDate "2024.??.??"]

1. d4 e6 2. Nf3 d5 3. Bf4 c6 4. c3 Nf6 5. Nbd2 Be7 6. h3 Nbd7 7. e3 Ne4 8. Bd3
f5 9. Ne5 O-O 10. Ndf3 Ndf6 11. O-O Qe8 12. Rc1 Qh5 13. Ne1 g5 14. Qxh5 Nxh5
15. Bxe4 dxe4 1/2-1/2

[Event "NK Senioren 2024"]
[Site "Dieren, Netherlands"]
[Date "2024.07.15"]
[Round "3"]
[White "Van Rijn, Anton"]
[Black "Homs, Guust"]
[Result "1/2-1/2"]
[WhiteElo "2208"]
[BlackElo "2142"]
[PlyCount "84"]
[EventDate "2024.??.??"]

1. Nf3 Nf6 2. c4 e6 3. g3 d5 4. Bg2 c5 5. cxd5 Nxd5 6. O-O Be7 7. Nc3 Nc6 8.
Nxd5 Qxd5 9. d3 O-O 10. Be3 Qd8 11. Rc1 Qa5 12. a3 Bd7 13. Qb3 Qb6 14. Qxb6
axb6 15. d4 Bf6 16. dxc5 Bxb2 17. Rb1 Bxa3 18. Rxb6 Bc8 19. Nd2 Bb4 20. Nc4 Ba5
21. Rxc6 bxc6 22. Ra1 Ba6 23. Nxa5 Bb5 24. Bf3 Rfd8 25. Kf1 f6 26. Ke1 Rd7 27.
Bd2 Rda7 28. Bc3 Kf7 29. Be4 g6 30. f4 Ra6 31. Kd2 e5 32. fxe5 fxe5 33. Ke3 Ke6
34. Bc2 Bc4 35. Be4 Bb5 36. h4 R8a7 37. g4 Ra8 38. g5 R8a7 39. Ra2 Bc4 40. Ra1
Bb5 41. Bb4 Rd7 42. Bc3 Rda7 1/2-1/2

[Event "NK Senioren 2024"]
[Site "Dieren, Netherlands"]
[Date "2024.07.15"]
[Round "3"]
[White "Bus, Tom"]
[Black "Ellenbroek, Ton"]
[Result "1/2-1/2"]
[WhiteElo "2075"]
[BlackElo "2037"]
[PlyCount "41"]
[EventDate "2024.??.??"]

1. Nf3 g6 2. c4 Bg7 3. Nc3 e5 4. g3 Nc6 5. Bg2 Nge7 6. d3 O-O 7. O-O Nd4 8. Rb1
Nxf3+ 9. Bxf3 f5 10. Bg5 h6 11. Bxe7 Qxe7 12. Nd5 Qd8 13. c5 c6 14. Ne3 d5 15.
cxd6 Qxd6 16. Nc4 Qe7 17. Qc2 Be6 $11 18. b4 Rad8 19. Na5 Bd5 20. Bxd5+ Rxd5
21. e4 $11 1/2-1/2

[Event "NK Senioren 2024"]
[Site "Dieren, Netherlands"]
[Date "2024.07.15"]
[Round "3"]
[White "Bottema, Tom"]
[Black "Hageman, Ger"]
[Result "1/2-1/2"]
[WhiteElo "2140"]
[BlackElo "1925"]
[PlyCount "148"]
[EventDate "2024.??.??"]

1. g3 d5 2. f4 g6 3. Nh3 Bg7 4. Nf2 Nf6 5. Bg2 O-O 6. O-O Nc6 7. d4 Bf5 8. c3
Qd7 9. Nd2 Ng4 10. Nf3 Nxf2 11. Rxf2 Be4 12. Qf1 Rad8 13. Bh3 Bf5 14. Bg2 Be4
15. Bd2 f6 16. e3 e5 17. a4 a6 18. b4 exf4 19. exf4 Ne7 20. Ne1 Bxg2 21. Qxg2
Rfe8 22. Nd3 Qc6 23. Re1 Nf5 24. Rfe2 Rxe2 25. Rxe2 Bf8 26. g4 Ne7 27. f5 Qxa4
28. Nc5 Qc6 29. Ne6 Re8 30. Qh3 g5 31. Nxf8 Kxf8 32. Qxh7 Ng8 33. Rxe8+ Qxe8
34. Kf2 Qe7 35. Qh3 Qe4 36. Qg3 c6 37. Qb8+ Kf7 38. Qxb7+ Ne7 39. h3 Qd3 40.
Be3 Qxc3 41. Qxa6 Qxb4 42. Qe2 Qd6 43. Kg2 Nc8 44. h4 gxh4 45. Bf2 Qe7 46.
Qxe7+ Nxe7 47. Kh3 Nc8 48. Kxh4 Kg7 49. Be1 Nd6 50. Bb4 Ne4 51. Be7 Nd2 52. Bc5
Ne4 53. Bb4 Kh6 54. Bf8+ Kh7 55. Be7 Kg7 56. Bd8 Nd2 57. Kg3 Kf7 58. Kf4 Ne4
59. Bb6 Ke7 60. Ba5 Kf7 61. Ke3 Ke7 62. Be1 Kf7 63. Kf4 Kg7 64. Bh4 c5 65. dxc5
Nxc5 66. Ke3 Nd7 67. Bg3 Ne5 68. Kf4 Nd3+ 69. Ke3 Ne5 70. Bxe5 fxe5 71. g5 e4
72. Kf4 Kf7 73. Ke3 Kg7 74. Kd4 Kf7 1/2-1/2

[Event "NK Senioren 2024"]
[Site "Dieren, Netherlands"]
[Date "2024.07.15"]
[Round "3"]
[White "Van Oosten, Arend"]
[WhiteElo "2031"]
[Black "Dijkstra, Matthijs"]
[BlackElo "1981"]
[Result "1/2-1/2"]

1. e4 c6 2. d4 d5 3. exd5 cxd5 4. Bd3 Nf6 5. h3 Nc6 6. c3 g6 7. Nf3 Bf5 8. O-O
Bxd3 9. Qxd3 Bg7 10. Bf4 O-O 11. Nbd2 a6 12. Rfe1 e6 13. Ne5 Rc8 14. g4 Nxe5
15. Bxe5 Nd7 16. Bxg7 Kxg7 17. Re3 Nb6 18. b3 Rc7 19. Rf1 Qd6 20. f4 Rfc8 21.
Nb1 Nd7 22. f5 exf5 23. gxf5 Nf6 24. Ref3 Ne4 25. f6+ Kh8 26. Qe3 g5 27. c4 Rg8
28. c5 Qe6 29. Rf5 Rd7 30. Re5 Qc6 31. Nd2 Nxf6 32. Rxg5 Ne4 33. Nxe4 dxe4 34.
Rxg8+ Kxg8 35. Rf4 Re7 36. Rg4+ Kf8 37. Qg3 1/2-1/2

[Event "NK Senioren 2024"]
[Site "Dieren, Netherlands"]
[Date "2024.07.15"]
[Round "3"]
[White "Helmond, Frans"]
[Black "Van den Dikkenberg, Erik"]
[Result "1/2-1/2"]
[WhiteElo "1957"]
[BlackElo "2110"]
[PlyCount "131"]
[EventDate "2024.??.??"]

1. e4 c5 2. c3 Nf6 3. e5 Nd5 4. Nf3 Nc6 5. d4 cxd4 6. cxd4 d6 7. Bc4 e6 8. O-O
Be7 9. Bd2 O-O 10. Nc3 Nxc3 11. Bxc3 b6 12. d5 exd5 13. Bxd5 Bb7 14. e6 fxe6
15. Bxe6+ Kh8 16. Bd5 Bf6 17. Rc1 Na5 18. Bxb7 Nxb7 19. Qd5 Rb8 20. Nd4 Bxd4
21. Qxd4 Qg5 22. h4 Qh6 23. Bd2 Qg6 24. Rc7 Rf7 25. h5 Qxh5 26. Qc4 Rbf8 27.
Re1 d5 28. Qc6 Rxc7 29. Qxc7 Qf5 30. Be3 Qc8 31. Qg3 Qe6 32. Rc1 Nc5 33. Bd4
Qh6 34. Be3 Qf6 35. b4 Ne4 36. Qf4 Qxf4 37. Bxf4 h6 38. Be5 Rf5 39. f4 Rf7 40.
Rc8+ Kh7 41. Rd8 Nf6 42. g3 Nd7 43. Bd6 Kg6 44. Kg2 Kf5 45. Kf3 Ke6 46. Bc7 d4
47. Ra8 Nf6 48. Rxa7 Nd5 49. Bb8 Nxb4 50. Rxf7 Kxf7 51. Ba7 Nxa2 52. Bxb6 d3
53. Ba5 Nc1 54. Ke3 Ke6 55. Be1 Kf5 56. Kd2 Nb3+ 57. Kxd3 Nc5+ 58. Kd4 Ne6+ 59.
Ke3 Kg4 60. Bf2 g6 61. Ke4 Ng7 62. Ke5 Nh5 63. Ke6 Nxg3 64. Bxg3 Kxg3 65. Kf6
Kxf4 66. Kxg6 1/2-1/2

[Event "NK Senioren 2024"]
[Site "Dieren, Netherlands"]
[Date "2024.07.15"]
[Round "3"]
[White "Leenes, Robert"]
[Black "Perrenet, Jacob"]
[Result "1-0"]
[WhiteElo "2100"]
[BlackElo "1970"]
[PlyCount "77"]
[EventDate "2024.??.??"]

1. d4 Nc6 2. d5 Ne5 3. f4 Ng6 4. e4 e6 5. dxe6 dxe6 6. Bd3 Bc5 7. Nf3 e5 8.
fxe5 Bg4 9. Bb5+ c6 10. Qxd8+ Rxd8 11. Be2 N8e7 12. Nc3 O-O 13. Bd2 Bb4 14.
O-O-O Bxc3 15. Bxc3 Nf4 16. Bf1 Rxd1+ 17. Kxd1 Neg6 18. Ke1 Rd8 19. Nd2 Nf8 20.
h3 Bh5 21. Kf2 h6 22. g3 N4e6 23. Ke3 c5 24. g4 Bg6 25. Nf3 Rd1 26. Bg2 Rxh1
27. Bxh1 b5 28. a3 Nd7 29. Bg2 Nb6 30. b3 Kf8 31. Bf1 a6 32. Ba5 Nd7 33. c4 f6
34. cxb5 axb5 35. Bxb5 Nxe5 36. Nxe5 fxe5 37. Bb6 Ng5 38. Bxc5+ Kf7 39. Bc6 1-0

[Event "NK Senioren 2024"]
[Site "Dieren, Netherlands"]
[Date "2024.07.15"]
[Round "3"]
[White "Ten Ham, John"]
[Black "Schouten, Henk"]
[Result "1/2-1/2"]
[WhiteElo "1954"]
[BlackElo "2068"]
[PlyCount "48"]
[EventDate "2024.??.??"]

1. d4 Nf6 2. c4 e6 3. Nc3 Bb4 4. Bd2 O-O 5. Nf3 d5 6. e3 Nbd7 7. Be2 c6 8. O-O
Bd6 9. Rb1 Re8 10. b4 dxc4 11. Bxc4 Nb6 12. Be2 e5 13. dxe5 Bxe5 14. Nxe5 Rxe5
15. Bc1 Bf5 16. Rb2 Nbd5 17. Rd2 Qe7 18. Nxd5 Rxd5 19. Rxd5 Nxd5 20. a3 Nc3 21.
Qd2 Nxe2+ 22. Qxe2 Rd8 23. Rd1 Rxd1+ 24. Qxd1 Qd7 1/2-1/2

[Event "NK Senioren 2024"]
[Site "Dieren, Netherlands"]
[Date "2024.07.15"]
[Round "3"]
[White "Boersma, Jan"]
[Black "Hazenberg, Frans"]
[Result "1/2-1/2"]
[WhiteElo "2041"]
[BlackElo "1947"]
[PlyCount "44"]
[EventDate "2024.??.??"]

1. e4 c5 2. Nc3 Nc6 3. Bb5 Nd4 4. Nge2 Nxb5 5. Nxb5 d6 6. O-O Nf6 7. Nbc3 e6 8.
d3 Be7 9. f4 O-O 10. h3 a6 11. a4 Qc7 12. Qe1 b6 13. g4 Bb7 14. Ng3 d5 15. g5
Ne8 16. e5 g6 17. h4 Ng7 18. h5 Nf5 19. Nxf5 exf5 20. Qh4 d4 21. Ne2 Qc6 22.
Rf2 gxh5 1/2-1/2

[Event "NK Senioren 2024"]
[Site "Dieren, Netherlands"]
[Date "2024.07.15"]
[Round "3"]
[White "Massink, Henk"]
[Black "Vogel, Jaap"]
[Result "1/2-1/2"]
[WhiteElo "1924"]
[BlackElo "2020"]
[PlyCount "41"]
[EventDate "2024.??.??"]

1. b3 d5 2. Bb2 e6 3. e3 Nf6 4. f4 b6 5. Nf3 Bb7 6. Be2 Nbd7 7. O-O Be7 8. c4
O-O 9. Nc3 Nc5 10. d4 Nce4 11. Nd2 Nxc3 12. Bxc3 c5 13. Qc2 Rc8 14. f5 b5 15.
fxe6 fxe6 16. Nf3 Ne4 17. Bb2 Bg5 18. Bc1 Bf6 19. Bb2 Bg5 20. Bc1 Bf6 21. Bb2
1/2-1/2

[Event "NK Senioren 2024"]
[Site "Dieren, Netherlands"]
[Date "2024.07.15"]
[Round "3"]
[White "Veenstra, Wopke"]
[Black "Knuiman, Jan"]
[Result "1/2-1/2"]
[WhiteElo "1961"]
[BlackElo "1998"]
[PlyCount "44"]
[EventDate "2024.??.??"]

1. e4 d5 2. exd5 Qxd5 3. Nf3 Nf6 4. d4 c6 5. c4 Qa5+ 6. Bd2 Qc7 7. Nc3 Bf5 8.
Be2 e6 9. O-O Nbd7 10. Re1 Be7 11. d5 e5 12. Bg5 Rd8 13. Bxf6 Nxf6 14. Bd3 Bg4
15. h3 Bxf3 16. Qxf3 g6 17. Rad1 O-O 18. Qe3 cxd5 19. Qxe5 Qxe5 20. Rxe5 Bd6
21. Ree1 Bb4 22. cxd5 Nxd5 1/2-1/2

[Event "NK Senioren 2024"]
[Site "Dieren, Netherlands"]
[Date "2024.07.15"]
[Round "3"]
[White "Jonkman, Fokke"]
[Black "Lootsma, Jan"]
[Result "1/2-1/2"]
[WhiteElo "1996"]
[BlackElo "1963"]
[PlyCount "46"]
[EventDate "2024.??.??"]

1. c4 e6 2. Nf3 Nf6 3. g3 d5 4. b3 b6 5. Bg2 Bb7 6. O-O Be7 7. Bb2 dxc4 8. bxc4
O-O 9. d3 Nbd7 10. Qc2 c5 11. e4 Qc7 12. h3 Rfd8 13. Nc3 a6 14. Rfe1 Nb8 15.
Rad1 Nc6 16. e5 Ne8 17. Ne2 Rd7 18. a3 Rad8 19. h4 g6 20. Nf4 Ng7 21. Bh3 Nd4
22. Nxd4 cxd4 23. Qe2 Kh8 1/2-1/2

[Event "NK Senioren 2024"]
[Site "Dieren, Netherlands"]
[Date "2024.07.15"]
[Round "3"]
[White "Poelstra, Ben"]
[Black "Etmans, Maarten"]
[Result "1/2-1/2"]
[WhiteElo "1974"]
[BlackElo "1954"]
[PlyCount "36"]
[EventDate "2024.??.??"]

1. e4 c5 2. c3 e6 3. d4 cxd4 4. cxd4 d5 5. e5 Bb4+ 6. Nc3 Ne7 7. Bd3 Nbc6 8.
Nf3 Nf5 9. O-O O-O 10. Bg5 Be7 11. Bxe7 Ncxe7 12. Rc1 Bd7 13. h4 h5 14. g3 g6
15. Qd2 a6 16. Qg5 Nc6 17. Qxd8 Rfxd8 18. Bxf5 gxf5 1/2-1/2

[Event "NK Senioren 2024"]
[Site "Dieren, Netherlands"]
[Date "2024.07.15"]
[Round "3"]
[White "Wille, Erik"]
[Black "Schouten, Nico"]
[Result "0-1"]
[WhiteElo "1901"]
[BlackElo "2094"]
[PlyCount "78"]
[EventDate "2024.??.??"]

1. d4 Nf6 2. Nc3 d5 3. e4 dxe4 4. f3 exf3 5. Nxf3 g6 6. Bc4 Bg7 7. Bg5 O-O 8.
Qd2 c6 9. O-O Nbd7 10. Rae1 Nb6 11. Bb3 Nbd5 12. Ne4 Bf5 13. Ng3 Be6 14. Ne5
Nc7 15. c4 a5 16. Bh6 Nce8 17. Be3 a4 18. Bc2 Nd7 19. Nxd7 Qxd7 20. b3 Rd8 21.
Rd1 Nc7 22. Rf4 axb3 23. axb3 Bg4 24. Rdf1 e5 25. R4f2 exd4 26. Bg5 Rde8 27.
Ne4 f5 28. Nc5 Qc8 29. h3 Bh5 30. Nd3 Ne6 31. Bf4 Qd8 32. Qb4 Rf7 33. c5 Rd7
34. Ra1 Nxf4 35. Rxf4 Bh6 36. Qc4+ Kh8 37. Rff1 Be2 38. Rfb1 f4 39. b4 f3 0-1

[Event "NK Senioren 2024"]
[Site "Dieren, Netherlands"]
[Date "2024.07.15"]
[Round "3"]
[White "Janssen, Toon"]
[WhiteElo "1944"]
[Black "Beukema, Henk Jan"]
[BlackElo "1971"]
[Result "0-1"]

1. Nf3 Nf6 2. g3 c5 3. Bg2 Nc6 4. O-O d5 5. c4 e5 6. d3 Be7 7. Na3 O-O 8. cxd5
Nxd5 9. Nc4 f6 10. Nfd2 Be6 11. h4 Qd7 12. Kh2 Rad8 13. Ne4 Nd4 14. Bd2 Kh8 15.
Rc1 b6 16. Rh1 Nc6 17. Kg1 f5 18. Ng5 Bg8 19. Qe1 Bf6 20. Bh3 Nd4 21. Qd1 h6
22. e3 Nc6 23. Qh5 Qe8 24. Qxe8 Rdxe8 25. Nd6 Rd8 26. Nxf5 Ndb4 27. Bg2 Bxg5
28. hxg5 Rxf5 29. gxh6 Nxd3 30. hxg7+ Kxg7 31. Rf1 Rxf2 32. Rxf2 Nxf2 33. Bc3
Nxh1 34. Bxc6 Kf6 35. Kxh1 Bxa2 36. Kg2 Bd5+ 37. Bxd5 Rxd5 38. Kf3 b5 39. Ke4
Ke6 40. Ba5 b4 41. g4 Rd7 42. b3 Rg7 43. Kf3 Kd5 44. Bd8 c4 45. bxc4+ Kxc4 46.
Bf6 Rf7 47. g5 b3 0-1

[Event "NK Senioren 2024"]
[Site "Dieren, Netherlands"]
[Date "2024.07.15"]
[Round "3"]
[White "Van Wageningen, Arie"]
[Black "Goris, Ton"]
[Result "1-0"]
[WhiteElo "2017"]
[BlackElo "1917"]
[PlyCount "67"]
[EventDate "2024.??.??"]

1. Nf3 c5 2. c4 g6 3. d4 cxd4 4. Nxd4 Bg7 5. e4 Nc6 6. Nb3 Nf6 7. Nc3 O-O 8.
Be2 d6 9. Be3 b6 10. f3 Bb7 11. O-O Rc8 12. Rc1 Ne5 13. Nd2 Ned7 14. b4 a6 15.
Qb3 Rb8 16. Rfd1 a5 17. a3 axb4 18. axb4 Bc6 19. Qc2 Qc7 20. Nb3 Ra8 21. Nd4
Rfc8 22. Qd2 Ne8 23. Nd5 Qd8 24. Nxc6 Rxc6 25. f4 e6 26. Nc3 Bxc3 27. Rxc3 Ndf6
28. Bf3 Rcc8 29. e5 dxe5 30. fxe5 Qxd2 31. Bxd2 Nd7 32. Bxa8 Rxa8 33. Bf4 Nf8
34. Rcd3 1-0

[Event "NK Senioren 2024"]
[Site "Dieren, Netherlands"]
[Date "2024.07.15"]
[Round "3"]
[White "Visser, Gerrit"]
[Black "Houweling, Bert"]
[Result "1-0"]
[WhiteElo "1960"]
[BlackElo "1980"]
[PlyCount "69"]
[EventDate "2024.??.??"]

1. e4 c5 2. Nf3 Nc6 3. d4 cxd4 4. Nxd4 e5 5. Nb5 d6 6. N1c3 a6 7. Na3 Be7 8.
Nc4 b5 9. Ne3 Nf6 10. Ned5 O-O 11. Nxe7+ Nxe7 12. Bg5 Bb7 13. Bxf6 gxf6 14. Qf3
d5 15. Qxf6 d4 16. O-O-O Qc7 17. Nd5 Bxd5 18. exd5 Nxd5 19. Qg5+ Kh8 20. Bd3 f6
21. Qf5 Ra7 22. Be4 Nf4 23. Rhe1 Qf7 24. Kb1 Rg8 25. g3 Ng6 26. Qh5 Rc7 27. f4
exf4 28. Bd5 Qd7 29. Bxg8 Kxg8 30. gxf4 f5 31. Qg5 Rc5 32. h4 Qc7 33. Qg2 Kf7
34. Rxd4 Nxf4 35. Qd2 1-0

[Event "NK Senioren 2024"]
[Site "Dieren, Netherlands"]
[Date "2024.07.16"]
[Round "4"]
[White "Homs, Guust"]
[Black "Bus, Tom"]
[Result "1/2-1/2"]
[WhiteElo "2142"]
[BlackElo "2075"]
[PlyCount "21"]
[EventDate "2024.??.??"]

1. e4 c5 2. c3 d5 3. exd5 Qxd5 4. d4 g6 5. Nf3 Bg7 6. Be2 cxd4 7. cxd4 Nf6 8.
Nc3 Qd6 9. O-O O-O 10. Qb3 Qb6 11. Qxb6 $11 1/2-1/2

[Event "NK Senioren 2024"]
[Site "Dieren, Netherlands"]
[Date "2024.07.16"]
[Round "4"]
[White "Bottema, Tom"]
[WhiteElo "2140"]
[Black "Van Rijn, Anton"]
[BlackElo "2208"]
[Result "1/2-1/2"]

1.d4 d5 2.Nf3 Nf6 3.c4 e6 4.Nc3 dxc4 5.e3 c5 6.Bxc4 a6 7.a4 Nc6 8.O-O Be7 9.Qe2 cxd4 10.exd4 O-O 11.Rd1 Nb4 12.Ne5 b6 13.Ne4 Nxe4 14.Qxe4 Ra7 15.Ra3 Bb7 16.Qg4 Bf6 17.Rh3 Ba8 18.Re1 g6 19.b3 Re8 20.Bb2 Bd5 21.Bc3 a5 22.Bb5 Rf8 23.Qf4 Bg7 24.Qd2 Qe7 25.Nc4 Qb7 26.Ne3 Rd8 27.Bxb4 axb4 28.Qxb4 Bc6 29.Rd1 Bxb5 30.Qxb5 Ra5 31.Qb4 Bf8 32.Qc4 Rc8 33.Qe2 Bg7 34.Nc4 Rd5 35.Rhd3 Rcd8 36.h3 Rxd4 37.Rxd4 Rxd4 38.Rxd4 Bxd4 39.Qd3 e5 40.Nd6 Qd5 41.Ne4 Kg7 42.Qf3 f5 43.Nd2 Qxf3 44.Nxf3 Bc3 45.Kf1 e4 46.Ne1 Kf6 47.Nc2 Ke5 48.Ke2 Kd5 49.f3 exf3+ 50.Kxf3 Bd2 51.Ke2 Bg5 52.Kd3 Kc5 53.b4+ Kd5 54.Ne3+ Kc6 55.Nc2 Kd5 56.Na3 Be7 57.Nc2 f4 58.a5 bxa5 59.bxa5 g5 60.Nd4 h5 61.Nf5 Bc5 62.Ng7 g4 63.Nxh5 f3 64.gxf3 gxh3 65.Nf4+ Kc6 66.Nxh3 Kb5 67.f4 Kxa5 68.Kc4 Bd6 69.f5 Be5 70.Kd5 Bg7 71.Nf4 Ka4 72.Ke6 Ka3 73.Nh5 Bc3 74.Nf6 Bd4 75.Nd7 Bg7 76.Nf6 Ka2 77.Kf7 Bh8 78.Nh5 Bc3 79.Ke6 Bb2 80.Nf4 Ba1 81.Ng6 Bg7 82.Kf7 Bd4 83.f6 Bxf6 84.Kxf6  1/2-1/2

[Event "NK Senioren 2024"]
[Site "Dieren, Netherlands"]
[Date "2024.07.16"]
[Round "4"]
[White "Hageman, Ger"]
[Black "Leenes, Robert"]
[Result "1/2-1/2"]
[WhiteElo "1925"]
[BlackElo "2100"]
[PlyCount "75"]
[EventDate "2024.??.??"]

1. d4 d5 2. c4 e6 3. g3 dxc4 4. Bg2 c5 5. Qa4+ Qd7 6. Qxd7+ Nxd7 7. dxc5 Bxc5
8. Nd2 Bb4 9. a3 Ba5 10. Ngf3 Rb8 11. O-O b5 12. Ne4 Ngf6 13. Nd6+ Ke7 14. Rd1
Nd5 15. e4 Nc7 16. Bf4 Bb6 17. Rd2 Rd8 18. Rad1 f6 19. e5 a6 20. Nd4 Bxd4 21.
Rxd4 Nd5 22. Bxd5 fxe5 23. Re4 exd5 24. Rxd5 Nf6 25. Nxc8+ Rbxc8 26. Rdxe5+ Kf7
27. Re7+ Kf8 28. Re2 c3 29. bxc3 Rxc3 30. Ra7 Rxa3 31. Ree7 Ne8 32. Be5 b4 33.
Bxg7+ Kg8 34. Bh6 b3 35. Rf7 Nf6 36. Bg5 b2 37. Rg7+ Kf8 38. Raf7+ 1/2-1/2

[Event "NK Senioren 2024"]
[Site "Dieren, Netherlands"]
[Date "2024.07.16"]
[Round "4"]
[White "Ellenbroek, Ton"]
[Black "Van Oosten, Arend"]
[Result "0-1"]
[WhiteElo "2037"]
[BlackElo "2031"]
[PlyCount "72"]
[EventDate "2024.??.??"]

1. c4 e5 2. Nc3 Nc6 3. g3 g6 4. Bg2 Bg7 5. Nf3 d6 6. e3 Be6 7. b3 e4 8. Nd4
Nxd4 9. exd4 Bxd4 10. Bxe4 c6 11. O-O Nf6 12. Bg2 Qd7 13. Bb2 O-O-O 14. Na4
Bxb2 15. Nxb2 h5 16. d4 Bh3 17. Qf3 Bxg2 18. Kxg2 h4 19. Qxf6 hxg3 20. h4 gxf2
21. Qxf2 Qg4+ 22. Qg3 Qe4+ 23. Rf3 Rxh4 24. Re1 Qxd4 25. Qf2 Qh8 26. Qg3 Qxb2+
27. Rf2 Qd4 28. Qe3 Rg4+ 29. Kf3 Qxe3+ 30. Rxe3 f5 31. Rh2 d5 32. cxd5 Rxd5 33.
Re6 Rd3+ 34. Ke2 Rd7 35. Rh6 Rg2+ 36. Ke3 Rxa2 0-1

[Event "NK Senioren 2024"]
[Site "Dieren, Netherlands"]
[Date "2024.07.16"]
[Round "4"]
[White "Dijkstra, Matthijs"]
[Black "Helmond, Frans"]
[Result "1-0"]
[WhiteElo "1981"]
[BlackElo "1957"]
[PlyCount "109"]
[EventDate "2024.??.??"]

1. c4 e6 2. g3 d5 3. cxd5 exd5 4. Nf3 Nf6 5. Bg2 Bd6 6. d4 h6 7. Nc3 c6 8. O-O
O-O 9. Bf4 Bxf4 10. gxf4 Nh5 11. e3 Bg4 12. Ne2 Bxf3 13. Bxf3 Nf6 14. Ng3 Re8
15. Kh1 Qd7 16. Rg1 Na6 17. Qd3 Kh8 18. Rg2 Nb4 19. Qd2 a5 20. a3 Na6 21. Qxa5
Nc7 22. Qd2 Nb5 23. Rag1 Rg8 24. Qd3 Nd6 25. Bd1 Nde4 26. Bc2 Rad8 27. Qe2 Qh3
28. f5 Nxg3+ 29. Rxg3 Qh4 30. Qf3 Ne4 31. Bxe4 Qxe4 32. Qxe4 dxe4 33. Rg4 Rd5
34. f6 g5 35. Rxe4 Rf5 36. Kg2 Rxf6 37. Re7 Rb8 38. Rc1 Kg7 39. Rc5 b6 40. Rc3
c5 41. d5 Rd6 42. e4 Kf6 43. Rc7 Ke5 44. f3 f5 45. Re3 Kd4 46. Re1 fxe4 47.
fxe4 Rf8 48. Re7 Rdf6 49. d6 Rf2+ 50. Kg1 Rd2 51. d7 Rd8 52. e5 g4 53. e6 g3
54. Re8 gxh2+ 55. Kh1 1-0

[Event "NK Senioren 2024"]
[Site "Dieren, Netherlands"]
[Date "2024.07.16"]
[Round "4"]
[White "Van den Dikkenberg, Erik"]
[Black "Poelstra, Ben"]
[Result "1-0"]
[WhiteElo "2110"]
[BlackElo "1974"]
[PlyCount "99"]
[EventDate "2024.??.??"]

1. e4 e5 2. Nf3 Nf6 3. Nc3 Nc6 4. Bb5 Nd4 5. O-O Nxf3+ 6. Qxf3 c6 7. Bc4 d6 8.
Qg3 Nh5 9. Qf3 Nf6 10. d3 Be7 11. a4 a5 12. Bg5 O-O 13. h3 Be6 14. Bxf6 Bxf6
15. Rad1 Qd7 16. Ne2 b5 17. axb5 cxb5 18. Bxe6 fxe6 19. c3 a4 20. Qg4 a3 21.
bxa3 Rxa3 22. Ra1 Rfa8 23. Rxa3 Rxa3 24. Rb1 Ra8 25. Kh2 Qe8 26. Ng3 g6 27. Rb3
Kf7 28. Qd1 Ra2 29. Qf3 Kg7 30. Nf1 Qc6 31. Ne3 Bh4 32. Nd1 Qc5 33. g3 Bf6 34.
h4 Rd2 35. Kg2 h5 36. Ne3 Be7 37. Nd1 Bf6 38. Nb2 Bd8 39. Nd1 Bf6 40. Rb1 Be7
41. Ne3 Ra2 42. Rb3 Rd2 43. Kh3 Rxd3 44. Nf5+ exf5 45. Qxd3 Qxf2 46. exf5 gxf5
47. Rxb5 f4 48. Rb7 f3 49. Rxe7+ Kf6 50. Qxd6+ 1-0

[Event "NK Senioren 2024"]
[Site "Dieren, Netherlands"]
[Date "2024.07.16"]
[Round "4"]
[White "Schouten, Nico"]
[Black "Lootsma, Jan"]
[Result "1/2-1/2"]
[WhiteElo "2094"]
[BlackElo "1963"]
[PlyCount "75"]
[EventDate "2024.??.??"]

1. d4 e6 2. c4 d5 3. Nc3 Nf6 4. Nf3 Be7 5. e3 a6 6. a3 dxc4 7. Bxc4 b5 8. Bd3
Bb7 9. O-O Nbd7 10. Qe2 c5 11. Rd1 Qb6 12. Bc2 O-O 13. e4 cxd4 14. Nxd4 Rfe8
15. Be3 Qc7 16. Rac1 Rac8 17. Bb1 Qb8 18. Nb3 Nc5 19. Nxc5 Bxc5 20. Bxc5 Rxc5
21. Nd5 Rxc1 22. Nxf6+ gxf6 23. Rxc1 Rc8 24. Rd1 Rd8 25. Rd3 Rxd3 26. Bxd3 Qe5
27. h3 Kf8 28. g3 Qd4 29. h4 Ke7 30. Qc2 Kd6 31. Kf1 h6 32. Ke2 e5 33. Qd2 Ke7
34. Qc2 Kd6 35. b4 Kd7 36. Qb3 Ke7 37. Qc2 Kd7 38. Qb3 1/2-1/2

[Event "NK Senioren 2024"]
[Site "Dieren, Netherlands"]
[Date "2024.07.16"]
[Round "4"]
[White "Beukema, Henk Jan"]
[Black "Boersma, Jan"]
[Result "1/2-1/2"]
[WhiteElo "1971"]
[BlackElo "2041"]
[PlyCount "52"]
[EventDate "2024.??.??"]

1. e4 c5 2. Nf3 g6 3. c3 d5 4. e5 Bg4 5. Bb5+ Nc6 6. O-O Qb6 7. Bxc6+ Qxc6 8.
d4 e6 9. h3 Bxf3 10. Qxf3 Bg7 11. Re1 Ne7 12. Bg5 Nf5 13. g4 Ne7 14. Bf6 Rg8
15. Bxg7 Rxg7 16. Qf6 Rg8 17. Nd2 c4 18. b3 cxb3 19. axb3 g5 20. Re3 a6 21. c4
Qd7 22. Nf3 O-O-O 23. Nxg5 dxc4 24. Rc3 Nd5 25. Rxc4+ Kb8 26. Qh6 Rg6 1/2-1/2

[Event "NK Senioren 2024"]
[Site "Dieren, Netherlands"]
[Date "2024.07.16"]
[Round "4"]
[White "Vogel, Jaap"]
[Black "Veenstra, Wopke"]
[Result "1/2-1/2"]
[WhiteElo "2020"]
[BlackElo "1961"]
[PlyCount "43"]
[EventDate "2024.??.??"]

1. d4 Nf6 2. Nf3 g6 3. g3 Bg7 4. Bg2 O-O 5. O-O d6 6. c4 Nc6 7. Nc3 a6 8. Bf4
Nh5 9. Be3 Rb8 10. Rc1 e5 11. dxe5 dxe5 12. Bc5 Re8 13. Qxd8 Rxd8 14. Rfd1 Bf5
15. h3 Nf6 16. Nd5 Ne8 17. Ng5 h6 18. Ne4 Bxe4 19. Bxe4 f5 20. Bg2 Kf7 21. b3
Nd4 22. Kf1 1/2-1/2

[Event "NK Senioren 2024"]
[Site "Dieren, Netherlands"]
[Date "2024.07.16"]
[Round "4"]
[White "Knuiman, Jan"]
[Black "Ten Ham, John"]
[Result "0-1"]
[WhiteElo "1998"]
[BlackElo "1954"]
[PlyCount "100"]
[EventDate "2024.??.??"]

1. e4 c5 2. c3 d5 3. exd5 Qxd5 4. Nf3 Nf6 5. d4 e6 6. Be3 cxd4 7. Qxd4 Be7 8.
c4 Qxd4 9. Nxd4 O-O 10. Be2 e5 11. Nb5 Nc6 12. N1c3 Bf5 13. O-O Rfd8 14. Rfd1
Ne4 15. Nxe4 Bxe4 16. f3 Bf5 17. Rxd8+ Bxd8 18. Nd6 Bc8 19. Rd1 Be7 20. Nxc8
Rxc8 21. Rd7 b6 22. a3 Bc5 23. Bxc5 bxc5 24. Kf2 f6 25. Rb7 Rb8 26. Rxb8+ Nxb8
27. b4 cxb4 28. axb4 Kf7 29. Ke3 Ke6 30. Kd3 Kd6 31. Bd1 f5 32. c5+ Kc7 33. b5
Nd7 34. Kc4 Nf6 35. Bc2 g6 36. g3 Kb7 37. h3 Kc7 38. g4 fxg4 39. hxg4 g5 40.
Be4 h6 41. Kb4 h5 42. gxh5 Nxh5 43. Ka5 Nf6 44. Ka6 Nxe4 45. fxe4 Kb8 46. c6 g4
47. c7+ Kxc7 48. Kxa7 g3 49. b6+ Kc6 50. b7 g2 0-1

[Event "NK Senioren 2024"]
[Site "Dieren, Netherlands"]
[Date "2024.07.16"]
[Round "4"]
[White "Etmans, Maarten"]
[Black "Jonkman, Fokke"]
[Result "1/2-1/2"]
[WhiteElo "1954"]
[BlackElo "1996"]
[PlyCount "23"]
[EventDate "2024.??.??"]

1. e4 c5 2. Nf3 e6 3. g3 Nc6 4. Bg2 Nf6 5. Nc3 d5 6. exd5 Nxd5 7. O-O Nxc3 8.
dxc3 Qxd1 9. Rxd1 Be7 10. Bf4 f6 11. Bd6 Bd7 12. Bxe7 1/2-1/2

[Event "NK Senioren 2024"]
[Site "Dieren, Netherlands"]
[Date "2024.07.16"]
[Round "4"]
[White "Hazenberg, Frans"]
[Black "Perrenet, Jacob"]
[Result "1-0"]
[WhiteElo "1947"]
[BlackElo "1970"]
[PlyCount "81"]
[EventDate "2024.??.??"]

1. d4 h6 2. e4 g5 3. Bc4 Nf6 4. Nc3 d6 5. Nge2 c6 6. h3 b5 7. Bd3 b4 8. Na4 Qa5
9. b3 Bg7 10. a3 Na6 11. Bd2 Qc7 12. axb4 Rb8 13. c3 O-O 14. Nb2 Rb6 15. Nc4
Rb8 16. Ne3 Rb6 17. O-O d5 18. Ng3 Nxe4 19. Bxe4 dxe4 20. Nxe4 f5 21. Nc5 Nxc5
22. bxc5 Rb8 23. Qe2 Be6 24. Nc4 Bd5 25. Rfe1 e6 26. b4 Kh7 27. Na5 Rbe8 28. c4
Be4 29. Bc3 e5 30. dxe5 Bxe5 31. Bxe5 Qxe5 32. Nxc6 Qc3 33. Rxa7+ Kh8 34. Ne7
Qxb4 35. Ng6+ Kg8 36. Nxf8 Rxf8 37. Qe3 Rd8 38. c6 Rc8 39. f3 Rxc6 40. fxe4
Rxc4 41. exf5 1-0